00000000nam##2200000za#4500
0019.697832
003CaOODSP
00520210624235645
007cr |||||||||||
008150407|2000||||xxc|||||o    f|0| 0 eng|d
040 |aCaOODSP|beng
043 |an-cn---
0861 |aRH64-42/2000E-PDF
1101 |aCanada.|bHuman Resources Development Canada. |bStrategic Policy.
24514|aThe EI family supplement and relative income in two-earner families with children / |h[electronic resource]|c[by] David Cheal and Karen Kampen.
260 |aOttawa - Ontario : |bHuman Resources Development Canada. |cNovember 2000.
300 |a56p.|btables
504 |aBibliography.
590 |a13-12-Supp|b2013-05-10
69007|aHousehold income|2gcpds
69007|aEmployment insurance|2gcpds
77508|tLe supplément familial de l'AE et le revenu relatif des familles à deux revenus ayant des enfants / |w(CaOODSP)9.641834
85640|ahttp://publications.gc.ca|qPDF|s216 KB|uhttps://publications.gc.ca/collections/collection_2013/rhdcc-hrsdc/RH64-42-2000-eng.pdf
986 |aSP-AH134-11-00E